banner-ar

معالجة متقدمة لاستخدام مراقبى الحسابات اساليب المعاينة الاحصائية وغير الاحصائية فى المراجعة / (Record no. 48276)

MARC details
000 -الفاتح
حقل البيانات ثابتة الطول 00557nam a2200133Ia 4500
008 - عناصر البيانات ثابتة الطول - معلومات عامة
حقل البيانات ثابتة الطول 140319s9999 xx 000 0 ara d
040 ## - مصدر الفهرسة
وكالة الفهرسة الأصلية GCL /
وكالة النسخ GCL
082 04 - رقم تصنيف ديوى العشرى
رقم التصنيف 657.45
رقم المادة ا م
100 1# - المدخل الرئيسى - إسم شخصى
الإسم الشخصى امين السيد احمد لطفى
245 10 - بيان العنوان
العنوان معالجة متقدمة لاستخدام مراقبى الحسابات اساليب المعاينة الاحصائية وغير الاحصائية فى المراجعة /
بيان المسئوليه,etc امين السيد احمد لطفى
300 ## - الوصف المادى
التعداد 228 ص
490 ## - بيان السلسلة
عنوان السلسلة الهيئة العامة للاستعلامات
رقم المجلد/ التعيين التسلسلي 0
Holdings
حالة التراجع حالة الفقد حالة تلف ليس للاعارة المكان المؤقت الموقع الحالى تاريخ الاكتساب اجمالي اﻻعارات رقم الطلب الباركود تاريخ اخر مشاهدة تاريخ تفعيل السعر نوع وعاء كوها
        مكتبة القاهرة الكبرى مكتبة القاهرة الكبرى 03/26/2014   657.45\ا م 116544 03/26/2014 03/26/2014 كتاب
        مكتبة القاهرة الكبرى مكتبة القاهرة الكبرى 03/26/2014   657.45\ا م 116545 03/26/2014 03/26/2014 كتاب
        مكتبة القاهرة الكبرى مكتبة القاهرة الكبرى 03/26/2014   657.45\ا م 116546 03/26/2014 03/26/2014 كتاب

Powered By

EGPV